LIBRARY ONLINE CATALOGUE

Brilliant cv : (Record no. 9005)

MARC details
000 -LEADER
fixed length control field 00711nam a22002292 4500
001 - CONTROL NUMBER
control field 0000019578
005 - DATE AND TIME OF LATEST TRANSACTION
control field 20151217152157.0
008 - FIXED-LENGTH DATA ELEMENTS--GENERAL INFORMATION
fixed length control field 110111s xx 000 0 eng d
020 ## - INTERNATIONAL STANDARD BOOK NUMBER
International Standard Book Number 0273714866 :
040 ## - CATALOGING SOURCE
Original cataloging agency KABU
Transcribing agency KABU
100 1# - MAIN ENTRY--PERSONAL NAME
Personal name Bright, Jim.
-- 0000179345
245 10 - TITLE STATEMENT
Title Brilliant cv :
Remainder of title what employers want to see and how to say it /
Statement of responsibility, etc. Jim Bright and Joanne Earl.
250 ## - EDITION STATEMENT
Edition statement 3rd ed.
260 ## - PUBLICATION, DISTRIBUTION, ETC. (IMPRINT)
Place of publication, distribution, etc. Harlow, England :
Name of publisher, distributor, etc. Pearson,
Date of publication, distribution, etc. 2008.
300 ## - PHYSICAL DESCRIPTION
Extent xv, 279 p.
650 #0 - SUBJECT ADDED ENTRY--TOPICAL TERM
Topical term or geographic name as entry element Resumes (Employment)
-- 0000177963
650 #0 - SUBJECT ADDED ENTRY--TOPICAL TERM
Topical term or geographic name as entry element Job hunting.
-- 0000179346
700 1# - ADDED ENTRY--PERSONAL NAME
Personal name Earl, Joanne.
-- 0000179347
852 1# - LOCATION
-- p1600 KES
908 ## - PUT COMMAND PARAMETER (RLIN)
Put command parameter 110111
950 ## - LOCAL HOLDINGS (RLIN)
-- 1
Holdings
Withdrawn status Lost status Source of classification or shelving scheme Not for loan Home library Current library Date acquired Total Checkouts Total Renewals Full call number Barcode Date last seen Date last checked out Price effective from Koha item type
    Library of Congress Classification   Kabarak, Main Campus Kabarak, Main Campus 17/12/2015 3 3 HF5383 .B75 2008 c. 1 22892 13/12/2023 20/11/2023 17/12/2015 General Collection